| 000 | 00995cam a22003257a 4500 | ||
|---|---|---|---|
| 003 | CHAP | ||
| 005 | 20220329133549.0 | ||
| 008 | 971013s1990 r 00010 d | ||
| 010 | _a7926 | ||
| 011 | _a8898 | ||
| 035 | _a8130 | ||
| 040 | _cCHAP | ||
| 082 |
_a634.9751 _bM6 |
||
| 100 | 0 | 0 |
_aMontoya Oliver, José Miguel. _977997 |
| 245 | 1 | 3 | _aEl pino piñonero |
| 260 |
_aMadrid: _bMundi-Prensa, _c1990 |
||
| 300 |
_a98 p. _b: ilus. ; gráfs |
||
| 490 | 0 | _aAgroguías Mundi-Prensa | |
| 590 |
_aBATCH-UPD _b10 _c20130110 _lUCH01 _h0144 |
||
| 590 |
_aBATCH-UPD _b10 _c20130110 _lUCH01 _h1057 |
||
| 590 |
_aBATCH-UPD _b10 _c20130410 _lUCH01 _h0651 |
||
| 590 |
_aBATCH-UPD _b10 _c20130914 _lUCH01 _h1830 |
||
| 590 |
_aCONVERSION _b10 _c20130109 _lUCH01 _h1305 |
||
| 650 | 1 | 4 |
_aPinus cembroides. _988325 |
| 650 | 1 | 4 |
_aPiñón. _988477 |
| 830 | 0 |
_aAgroguias Mundi-Prensa _92183 |
|
| 901 | _aBK | ||
| 942 | _cLIBRO | ||
| 949 |
_a634.9751 M6 _bBC _cLIBRO _d33724000255576 _eLIBRO _gI. c/e _h83551 _i8130 _si _t65.00 |
||
| 999 |
_c7926 _d7926 |
||